000 01431nam a2200313 i 4500
003 EG-GICUC
005 20260211211324.0
008 260211s2015 ua ||||fr|||| 00| 0 ara d
040 _a EG-GICUC
_bara
_c EG-GICUC
_d EG-GICUC
_erda
041 0 _aara
082 0 4 _a343.421
_bأ س . و
_221
092 0 4 _221
099 _aLaw1 10 343.421 أ س . و 2015 1006851
100 0 _aأسامة محمد حسن.
_eمؤلف.
245 1 2 _aالوسيط في المواجهة التشريعية لجرائم المخدرات في القانونين المصري والأمريكي :
_bدراسة مقارنة معلقا عليه بآراء الفقه وأحكام القضاء والمذكرة الإيضاحية /
_cالمستشار الدكتور أسامة محمد حسن.
264 3 _aالقاهرة :
_bأسامة محمد حسن،
_c2015.
300 _a354 صفحة ؛
_c24 سم.
_bإيضاحيات، صور، مثيليات ؛
336 _2rda content
_atext
337 _2rda media
_aComputer
338 _2rda carrier
_aOnline Resource
504 _aيشتمل على ارجاعات ببليوجرافية.
546 _aالنص باللغة العربية
650 1 4 _a التشريعات المتعلقة بالمخدرات.
_2qrmak
650 1 4 _aالقانون الجنائي
_2qrmak
651 1 _2qrmak
856 4 0 _uhttps://fll.law.cu.edu.eg/fulltext/bks/B10-06851.pdf
905 _a18
942 _2ddc
_cBK
_e21
_n0
999 _c62708
_d62708